England Test Cricket Captains from 1976 onwards - Statistics

General Stats
  • This quiz has been taken 216 times
  • The average score is 16 of 23
Answer Stats
Hint Answer % Correct
2010-2016 Alistair Cook
95%
2016- Joe Root
94%
1980-1981 Ian Botham
91%
2006-2012 Andrew Strauss
87%
2006-2007 Andrew Flintoff
85%
1993-2001 Michael Atherton
84%
2003-2008 Michael Vaughan
84%
1988-1993 Graham Gooch
80%
1999-2003 Nasser Hussain
79%
1982-1989 David Gower
78%
1993-2001 Alec Stewart
74%
1986-1988 Mike Gatting
73%
1982-1984 Bob Willis
72%
2008-2008 Kevin Pietersen
70%
1977-1981 Mike Brearley
64%
1978-1978 Geoffrey Boycott
62%
1990-1990 Allan Lamb
59%
2004-2005 Marcus Trescothick
55%
1988-1988 Chris Cowdrey
43%
1975-1977 Tony Greig
41%
1999-1999 Mark Butcher
39%
1988-1988 John Emburey
35%
1981-1982 Keith Fletcher
29%
No matching quizzes found
Score Distribution
Percent of People with Each Score
Percentile by Number Answered
Your Score History
You have not taken this quiz